ბათუმის შოთა რუსთაველის სახელმწიფო უნივერსიტეტის ბიბლიოთეკა

Теория механизмов и машин. (ბიბ.ჩანაწერი № 37344)

000 -LEADER
fixed length control field 00681nam a2200229Ia 4500
001 - CONTROL NUMBER
control field 3303
003 - CONTROL NUMBER IDENTIFIER
control field GE_BSU
008 - FIXED-LENGTH DATA ELEMENTS--GENERAL INFORMATION
fixed length control field 181216s||||||||xx |||||||||||||| ||und||
040 ## - CATALOGING SOURCE
Transcribing agency GE_BSU
080 ## - UNIVERSAL DECIMAL CLASSIFICATION NUMBER
Universal Decimal Classification number 621.01(075.8)
100 ## - MAIN ENTRY--PERSONAL NAME
Personal name Кожевников,С.Н.
245 ## - TITLE STATEMENT
Title Теория механизмов и машин.
245 ## - TITLE STATEMENT
Remainder of title учеб. пособ. для студ. вузов.
250 ## - EDITION STATEMENT
Edition statement Изд. третье.
260 ## - PUBLICATION, DISTRIBUTION, ETC.
Place of publication, distribution, etc. М.
260 ## - PUBLICATION, DISTRIBUTION, ETC.
Name of publisher, distributor, etc. Машиностроение.
260 ## - PUBLICATION, DISTRIBUTION, ETC.
Date of publication, distribution, etc. 1969.
300 ## - PHYSICAL DESCRIPTION
Extent 584 стр. 21 см. 52 библиогр.
300 ## - PHYSICAL DESCRIPTION
Accompanying material 2 табл. 435 рис.
653 ## - INDEX TERM--UNCONTROLLED
Uncontrolled term Теория механизмов и машин.
942 ## - ADDED ENTRY ELEMENTS (KOHA)
Koha item type წიგნი
ეგზემპლარები
Withdrawn status Lost status Damaged status Not for loan Date acquired Barcode Date last seen Price effective from Koha item type Public note
        2018-12-17 10597 2018-12-17 2018-12-17 წიგნი დარბაზი
        2018-12-17 10598 2018-12-17 2018-12-17 წიგნი დარბაზი
        2018-12-17 50599 2018-12-17 2018-12-17 წიგნი დარბაზი